Statistics for Movie Title Vocabulary Quiz #2

Click here to take the quiz!

General Stats

  • This quiz has been taken 15,081 times
  • The average score is 13 of 20

Answer Stats

Definition Word % Correct
Place for gamblingCasino
97%
Inability to sleepInsomnia
92%
Hill made of sandDune
91%
"Weeping" type of treeWillow
87%
Female equivalents of groomsmenBridesmaids
84%
Person who gives testimony in courtWitness
81%
One who hunts preyPredator
81%
The twelve astrological signsZodiac
77%
Large blade for chopping through the jungleMachete
77%
Small earthquakesTremors
67%
Disruptive type of ghostPoltergeist
67%
Attractive force between objects with massGravity
66%
Digital representation of a person in
a forum or video game
Avatar
61%
Insane, possibly violent personPsycho
52%
Mischievous creatures that destroy machineryGremlins
52%
Asset that secures a loanCollateral
44%
"Desperate" bandit of the Old WestDesperado
43%
Keepsake; SouvenirMemento
35%
Nightclub / performance venue of
the early 20th century
Cabaret
29%
HenchmenMinions
25%

Score Distribution

Percentile by Number Answered

Percent of People with Each Score

Your Score History

You have not taken this quiz